=LDR 00000nam 2200000 4500 =001 NUTBA000000000001464 =005 20200729075013 =035 ##$$a 0010-041400000000734 =008 200729################g##########0#ind## =020 ##$$a 979-3925-56-6 =082 ##$$a 2x6.3 =245 ##$$a Pengenalan eksklusif ekonomi islam /$c Mustafa Edwin Nasution, M.Sc., MAEP, Ph. D. et.al. =250 ##$$a cet.1 =260 ##$$a Jakarta :$b Kencana,$c 2006 =300 ##$$a xi,330 hlm ; $c 21 cm =084 ##$$a 2x6.3 PEN p =650 #4$$a Islam, Ekonomi =700 #$$a Nasution, Mustafa Edwin =990 ##$$a 20703607 =990 ##$$a 20703604 =990 ##$$a 20703605 =990 ##$$a 20703606